| 000 | 00686nam a22001937a 4500 | ||
|---|---|---|---|
| 005 | 20231114163131.0 | ||
| 010 | _aENG-138369 | ||
| 020 |
_a9789355325082 _c995.00 |
||
| 035 | _aEN-121901 | ||
| 037 | _bDBAD/PUB | ||
| 082 | _a658.4032 | ||
| 100 |
_aHillier, Frederick S. _958654 |
||
| 245 |
_aManagement Science: _bA Modeling And Case Studies Approach With Spreadsheets/ _cBy Frederick S. Hillier; Mark S. Hillier |
||
| 260 |
_aGreater Noida _bMc Graw Hill Education _c2024 |
||
| 270 |
_aPlot No. 26E, sector31,(Industrial), Site-IV _bGreater Noida _e201306 |
||
| 300 |
_a622P,: _c28cm(pbk) |
||
| 700 |
_aHillier, Mark S. _958594 |
||
| 942 |
_2ddc _cEN _mHIL _h658.4032 |
||
| 999 |
_c199073 _d199073 |
||